Debt: the shocking story in numbers (Record no. 788)

000 -LEADER
fixed length control field 00522nam a22001577a 4500
003 - CONTROL NUMBER IDENTIFIER
control field OSt
005 - DATE AND TIME OF LATEST TRANSACTION
control field 20140116120837.0
008 - FIXED-LENGTH DATA ELEMENTS--GENERAL INFORMATION
fixed length control field 111102t xxu||||| |||| 00| 0 eng d
040 ## - CATALOGING SOURCE
Transcribing agency -
100 ## - MAIN ENTRY--PERSONAL NAME
Personal name Anami, Luke
245 ## - TITLE STATEMENT
Title Debt: the shocking story in numbers
Remainder of title Luke Anami .
260 ## - PUBLICATION, DISTRIBUTION, ETC. (IMPRINT)
Place of publication, distribution, etc Nairobi :
Name of publisher, distributor, etc Standard media group ,
Date of publication, distribution, etc Thursday, 13th October 2011.
300 ## - PHYSICAL DESCRIPTION
Extent p.13
520 ## - SUMMARY, ETC.
Summary, etc Domestic and foreign debt to cost Kenyans Sh.200 billion at the current exchange rate with no reprieve in sight
942 ## - ADDED ENTRY ELEMENTS (KOHA)
Source of classification or shelving scheme
Koha item type Article
Holdings
Withdrawn status Lost status Source of classification or shelving scheme Damaged status Not for loan Home library Current library Date acquired Total Checkouts Full call number Date last seen Price effective from Koha item type
          Riara University Library Riara University Library 02/11/2011   Periodical 02/11/2011 02/11/2011 Article

Riara University Library,
P.O. Box 49940-00100,
Nairobi, Kenya.